Birtokvétel

Roľníci z Veľkých Raškoviec kúpili zo Széchényiovského statku v Oboríne 700 uhorských jutár lúky. V obci Oborín a Plešany (Svätuše) kúpili z týchto lúk po 200 jutár

Podrobná bibliografia
Médium: Článok
Jazyk:Hungarian
Témy:
Zdroj: 1. Felső-Zemplén : Társadalmi hetilap 1. Roč. 10, č. 45 (09.11.1905) s. 2
LEADER 00948nab#a2200313#ar4500
001 000076953
003 SVKKK
005 20080617064225.0
008 080512d1905 xo |||||||||||||||b|hun
FMT
038 |a SVKKK 
040 |a SVKKK  |b slo  |e AACR2 
041 0 |a hun 
044 |a xo  |c SK 
080 |a 330.12  |2 1997 
242 1 0 |a Kúpa statku  |y slo 
245 1 0 |a Birtokvétel 
520 2 |a Roľníci z Veľkých Raškoviec kúpili zo Széchényiovského statku v Oboríne 700 uhorských jutár lúky. V obci Oborín a Plešany (Svätuše) kúpili z týchto lúk po 200 jutár 
650 0 4 |a parcelácia pozemkov  |x veľkostatok Széchenyi  |z Oborín (Slovensko)  |z Plešany (Slovensko) 
773 0 |t Felső-Zemplén : Társadalmi hetilap  |g Roč. 10, č. 45 (09.11.1905) s. 2 
957 |a Oborín 
957 |a Plešany 
957 |a Veľké Raškovce 
958 |a DG 
958 |a SK 
974 |a Ba 
992 |a RBX 
BAS
998 |a RETRO